Statistics for She's leaving home - The Beatles full lyrics

Click here to take the quiz!

General Stats

  • This quiz has been taken 276 times
  • The average score is 176 of 224

Answer Stats

Answer% Correct
a
99%
leaving
99%
Leaving
99%
She
99%
she
99%
we
99%
Home
98%
home
98%
the
97%
She's
96%
her
95%
at
94%
do
93%
Is
91%
is
91%
that
91%
morning
90%
to
89%
as
88%
As
88%
five
88%
for
88%
o'clock
88%
of
88%
so
88%
day
87%
our
87%
Wednesday
87%
could
86%
by
85%
man
85%
me
84%
would
84%
years
84%
gave
83%
many
83%
begins
82%
after
80%
lives
80%
alone
79%
buy
79%
door
79%
down
79%
gone
79%
money
79%
most
79%
say
79%
living
78%
more
78%
this
78%
Friday
77%
How
77%
nine
77%
bye
76%
everything
76%
was
76%
note
74%
baby's
73%
can't
73%
never
73%
Why
73%
bedroom
72%
goes
72%
and
70%
away
70%
closing
70%
hoped
70%
stairs
70%
thought
70%
what
70%
free
69%
kitchen
69%
us
69%
Daddy
68%
one
68%
thing
68%
all
67%
did
67%
far
67%
get
67%
husband
67%
it
66%
from
65%
wrong
65%
ourselves
64%
Silently
64%
up
64%
key
63%
Father
62%
breaks
61%
his
61%
top
61%
treat
61%
cries
60%
know
60%
outside
60%
there
60%
Clutching
59%
into
59%
wife
59%
backdoor
58%
dressing
58%
thoughtlessly
58%
fun
57%
Fun
57%
gown
57%
gets
56%
Stepping
56%
always
55%
handkerchief
55%
made
55%
turning
55%
letter
54%
Meeting
54%
Motortrade
54%
sacrificed
54%
downstairs
53%
didn't
52%
Standing
52%
appointment
50%
Quietly
50%
Something
50%
that's
50%
Having
49%
snores
49%
lying
48%
inside
47%
Picks
47%
denied
46%
keep
45%
hard
44%
struggled
44%
Waiting
41%

Score Distribution

Percentile by Number Answered

Percent of People with Each Score

Your Score History

You have not taken this quiz